00443nam a2200157Ia 4500003000400000008004100004020001800045040001600063082001600079100002400095245006700119260004700186300002100233650001600254650001500270GCL140319s9999 xx 000 0 eng d a1 84277 093 4 aGCL / cGCL04a297.14bA I1 aABDULLAHI A AN-NAIM10aISLAMIC FAMILY LAW IN A CHANGING WORLD / cABDULLAHI A AN-NAIM aانجلترا : bZED BOOKS LTD ، c1988 a24 CM ؛ c320 P04aISLAMIC LAW04aFAMILY LAW